Inžinierska geodézia I.
Guardado en:
| Formato: | Libro |
|---|---|
| Lenguaje: | eslovaco |
| Publicado: |
Bratislava :
Alfa-SNTL,
1985
|
| Edición: | 1. vyd. |
| Etiquetas: |
Sin Etiquetas, Sea el primero en etiquetar este registro!
|
MARC
| LEADER | 00000nam a22000003a 4500 | ||
|---|---|---|---|
| 001 | stu52828 | ||
| 005 | 20150408175956.7 | ||
| 008 | 000328s1985----cs------------------slo-d | ||
| 040 | |a STU |b slo | ||
| 041 | 0 | |a slo | |
| 044 | |a cs | ||
| 080 | |a 624.131.1 | ||
| 080 | |a 528.01(075.8) | ||
| 245 | |a Inžinierska geodézia I. | ||
| 250 | |a 1. vyd. | ||
| 260 | |a Bratislava : |b Alfa-SNTL, |c 1985 | ||
| 300 | |a 399 s.;br.,tab.,schémy | ||
| 996 | |b 284V013968 |c V*32125/O-12965d |l VVS |s A |a 24 |w stu52828_0001 | ||
| 996 | |c V*32824/O-13275 |l VV4 |s P |a 0 |w stu52828_0003 | ||
| 996 | |c V*32825/O-13275a |l VV4 |s P |a 0 |w stu52828_0004 | ||
| 996 | |b 284V016532 |c V*32122/O-12965a |l VVS |s A |a 24 |w stu52828_0005 | ||
| 996 | |c V*29857/O-11938 |l VV3 |s P |a 0 |w stu52828_0007 | ||